|
|
|
|
| LEADER |
00000nab a2200000uu 4500 |
| 001 |
vtls011539015 |
| 003 |
SK-MaSNL |
| 005 |
20260303154520.0 |
| 008 |
230222|2013 xo |||||||||||||||||eng| |
| 015 |
|
|
|a SNBRB
|
| 035 |
|
|
|a (urnnbn)urn:nbn:sk:snk:ar-a09pcu
|
| 035 |
|
|
|a (uuid)954e33ac-b640-4703-baa7-eb21aaac273e
|
| 035 |
|
|
|a urn:nbn:sk:snk-abexl5
|
| 040 |
|
|
|a SNKBUCL
|b slo
|c SNKBUCL
|e AACR2
|
| 041 |
0 |
|
|a eng
|
| 044 |
|
|
|a xo
|c SK
|
| 100 |
1 |
|
|a Čavojská, Katarína
|4 aut
|9 329038
|
| 245 |
1 |
0 |
|a United We Stand - Chinese Voluntary Associations in South Africa
|c Katarína Čavojská
|
| 773 |
0 |
|
|t Studia orientalia Slovaca
|g Roč. 12, č. 1 (2013), s. [75]-97
|
| 958 |
|
|
|a OND
|
| 958 |
|
|
|a EUIPO
|
| 958 |
|
|
|a article22
|
| 999 |
|
|
|c 2034751
|d 2036681
|